000 00730nam a2200217Ia 4500
003 GCL
008 140319s9999 xx 000 0 ara d
040 _aGCL /
_cGCL
082 0 4 _a320.9
_bم ا
100 1 _aمركز بحوث الشرق الاوسط
245 1 0 _aاتفاق المبادئ الفلسطينى الاسرائيلى مواجه ام مصالحة /
_cمركز بحوث الشرق الاوسط
260 _a[S.N] :
_bجامعة عين شمس ،
_c1993
300 _a239 ص
490 _a
650 0 4 _aالنزاع العربى الاسرائيلى
650 0 4 _aفلسطين
650 0 4 _aاسرائيل
650 0 4 _aاتفاقية غزة اريحا
650 0 4 _aالاتفاقيات
942 _2ddc
_cBK
999 _c54520
_d54520